Idiomas por número de países en los que es oficial - Estadísticas

Estadísticas generales
  • Esta prueba ha sido intentada 343 veces
  • La puntuación promedio es 16 de 20
Estadísticas de respuestas
Número de Países Países Idioma % Correcto
6 Alemania, Suiza, Austria, Luxemburgo, etc... Alemán
100%
22 España, México, Colombia, Argentina, etc... Español
100%
35 Francia, Canadá, Haití, Bélgica, Suiza, etc... Francés
100%
57 Reino Unido, Nigeria, Estados Unidos, etc... Inglés
100%
9 Portugal, Brasil, Angola, Cabo Verde, etc... Portugués
99%
26 Egipto, Palestina, EAU, Arabia Saudita, etc... Árabe
98%
4 Rusia, Bielorrusia, Kazajistán y Kirguistán Ruso
98%
4 Italia, San Marino, Suiza y Ciudad del Vaticano Italiano
97%
3 Países Bajos, Bélgica y Surinam Neerlandés
91%
5 Serbia, Croacia, Kosovo, Montenegro, etc... Serbo-croata
90%
3 R. P. China, Singapur y Taiwán Chino Mandarín
87%
4 Malasia, Indonesia, Singapur y Brunéi Malayo
79%
3 Fiyi, India y Pakistán Indostánico (Hindi-Urdu)
76%
3 Perú, Bolivia y Ecuador Quechua
73%
3 Albania, Kosovo y Macedonia del Norte Albanés
72%
3 Irán, Afganistán y Tayikistán Persa
68%
5 Tanzania, Kenia, Uganda, Comoras, etc... Suajili
56%
3 Sri Lanka, Singapur e India Tamil
41%
3 Lesotho, Sudáfrica y Esuatini Sesotho
18%
3 Namibia, Sudáfrica y Botsuana Setswana
10%
No se encontraron pruebas coincidentes
Distribución de puntuación
Porcentaje de gente con cada puntuación
Porcentaje por número respondido
Historial de tus puntuaciones
No has intentado esta prueba.